Normal view
MARC view
Entry Personal Name
001 - CONTROL NUMBER
- control field: 6716
003 - CONTROL NUMBER IDENTIFIER
- control field: HDC
005 - DATE AND TIME OF LATEST TRANSACTION
- control field: 20230624073235.0
008 - FIXED-LENGTH DATA ELEMENTS
- fixed length control field: 210123|| aca||aabn | a|a d
040 ## - CATALOGING SOURCE
- Original cataloging agency: HDC
- Transcribing agency: HDC
100 ## - HEADING--PERSONAL NAME
- Personal name: Y.B. Tan Sri Muhyiddin Hj. Mohd Yassin
670 ## - SOURCE DATA FOUND
- Source citation: Work cat.: (HDC): Y.B. Tan Sri Muhyiddin Hj. Mohd Yassin, MEMPERKASA EKONOMI UMMAH MELALUI PEMANTAPAN JARINGAN TEMPATAN DAN PENEROKAAN BERKESAN DALAM PASARAN GLOBAL:, [no year]
